000 00342nam a2200133Ia 4500
005 20251222140101.0
008 251222s1900||||xx |||||||||||||| ||spa||
020 _a8872930804
082 _a182/B97
100 _aButtiglione, Rocco
245 0 _aMetafĂ­sica della Conoscenza e PolĂ­tica in S. Tommaso D'Aquino
264 _bCSEO
942 _cLIB
999 _c3948
_d3948